Estadísticas para Países que Exportan el Mayor Número de Armas

Haz click aquí para intentar la prueba.

Estadísticas generales

  • Esta prueba ha sido intentada 1.034 veces
  • La puntuación promedio es 12 de 15

Estadísticas de respuestas

PuestoPaís% Correcto
1Estados Unidos
100%
2Rusia
99%
5China
97%
4Francia
95%
3Alemania
94%
7España
93%
8Italia
90%
6Reino Unido
90%
14Canadá
84%
15Corea del Sur
73%
12Suecia
65%
9Ucrania
62%
11Países Bajos
60%
10Israel
58%
13Suiza
55%

Distribución de puntuación

Porcentaje por número respondido

Porcentaje de gente con cada puntuación

Historial de tus puntuaciones

No has intentado esta prueba.